| 000 | 01418aam a2200349 i 4500 | ||
|---|---|---|---|
| 999 |
_c45690 _d45690 |
||
| 001 | 768714001 | ||
| 003 | CO-MdFUSB | ||
| 005 | 20230331062543.0 | ||
| 008 | 191022t2001 -us |||| |||| 00| 0 eng d | ||
| 020 | _a0567088154 | ||
| 040 |
_bspa. _aCO-MdFUSB _cCO-MdFUSB _dCO-MdFUSBC _erda |
||
| 041 | _aeng | ||
| 082 |
_223 _a171.2092 _bF585a |
||
| 100 | 1 |
_aFlannery, Kevin L. _eautor |
|
| 245 | 1 | 0 |
_aActs amid precepts : _bthe Aristotelian logical structure of Thomas Aquinas's moral theory _c/ Kevin L. Flannery |
| 264 | 1 |
_aEstados Unidos : _bT y T CLARK, _c[2001] |
|
| 264 | 1 | _c© 2001 | |
| 300 |
_axxiv, 327 páginas _c; 24 cm |
||
| 336 |
_atexto _btxt _2rdacontent |
||
| 337 |
_2rdamedia _asin mediación _bn |
||
| 338 |
_2rdacarrier _avolumen _bnc |
||
| 500 | _aIncluye índices (p. 317-327) | ||
| 505 | 0 | _aHechos en medio de preceptos. -- Los preceptos de la ley natural. -- La derivación de principios inferiores de principios superiores. -- Conmensurabilidad y inconmensurabilidad. -- Voluntas aristotélica y tomista. -- La razón práctica y actos concretos. -- El principio del doble efecto y caminos fijos. | |
| 563 | _aRústico | ||
| 600 | 0 | 0 | _aAristóteles |
| 600 | 0 | 0 |
_aTomás, _cde Aquino, _cSanto, _d1225?-1274 |
| 650 | 7 |
_aÉtica social. _2 _9186 |
|
| 650 | 7 |
_aÉtica cristiana _bautores católicos. _2 _9185 |
|
| 650 | 7 |
_aÉtica cristiana _yEdad Media _2 _9185 |
|
| 942 | _cBK | ||
| 945 | _aJTF-925 | ||